| 000 | 00428nam a2200145 i 4500 | ||
|---|---|---|---|
| 001 | 28419 | ||
| 003 | ES-MaACL | ||
| 007 | t| | ||
| 008 | 030117s1882 ddr ||||1| fre d | ||
| 100 | 1 |
_aBaedeker, Karl. _924575 |
|
| 245 | 1 | 0 |
_aPalestine et Syrie _b: manuel du voyageur / _cpar Karl Baedeker. |
| 260 |
_aLeipzig : _bKarl Baedeker, _c1882. |
||
| 300 |
_aXIV, 631 p. : _b18 map., 43 plan. ; _c16 cm. |
||
| 852 |
_aES-MaACL _jG-13722 |
||
| 999 |
_c28419 _d28419 |
||